Building Regulations 1991 (Record no. 100010)
[ view plain ]
| 000 -LEADER | |
|---|---|
| fixed length control field | 01401cam a2200361 4500 |
| 008 - FIXED-LENGTH DATA ELEMENTS--GENERAL INFORMATION | |
| fixed length control field | 000000n1999 000 0 eng u |
| 020 ## - INTERNATIONAL STANDARD BOOK NUMBER | |
| International Standard Book Number | 0117534692 |
| 035 ## - SYSTEM CONTROL NUMBER | |
| System control number | (Sirsi) u101079 |
| 041 ## - LANGUAGE CODE | |
| Language code of text/sound track or separate title | eng |
| 050 ## - LIBRARY OF CONGRESS CALL NUMBER | |
| Classification number | 692.2 |
| -- | 18 |
| 110 ## - MAIN ENTRY--CORPORATE NAME | |
| Corporate name or jurisdiction name as entry element | United Kingdom |
| Subordinate unit | Department of the Environment, Transport and the Regions |
| 9 (RLIN) | 3507 |
| 240 ## - UNIFORM TITLE | |
| Uniform title | Approved Document M |
| 240 ## - UNIFORM TITLE | |
| Uniform title | Part M |
| 245 ## - TITLE STATEMENT | |
| Title | Building Regulations 1991 |
| Remainder of title | access and facilities for disabled people -Approved Document M |
| 250 ## - EDITION STATEMENT | |
| Edition statement | 1999 ed. |
| 260 ## - PUBLICATION, DISTRIBUTION, ETC. | |
| Place of publication, distribution, etc. | London |
| Name of publisher, distributor, etc. | Stationery Office |
| Date of publication, distribution, etc. | 1999 |
| 300 ## - PHYSICAL DESCRIPTION | |
| Extent | 33p. |
| Dimensions | 30cm. |
| 350 ## - PRICE (NR) (BK AM CF MU VM SE) [OBSOLETE] | |
| Price | 7.95 |
| 505 ## - FORMATTED CONTENTS NOTE | |
| Formatted contents note | M1 : interpretation |
| 505 ## - FORMATTED CONTENTS NOTE | |
| Formatted contents note | M2 : access and use |
| 505 ## - FORMATTED CONTENTS NOTE | |
| Formatted contents note | M3 : sanitary conveniences |
| 505 ## - FORMATTED CONTENTS NOTE | |
| Formatted contents note | M4 : audience or spectator seating |
| 520 ## - SUMMARY, ETC. | |
| Summary, etc. | View at www.odpm.gov.uk. |
| 520 ## - SUMMARY, ETC. | |
| Summary, etc. | Superseded by 2004 edition (ISBN 0117539015). Coming in to effect 25 October 1999. |
| 650 ## - SUBJECT ADDED ENTRY--TOPICAL TERM | |
| Topical term or geographic name entry element | BUILDING REGULATIONS 1991 |
| 650 ## - SUBJECT ADDED ENTRY--TOPICAL TERM | |
| Topical term or geographic name entry element | BUILDING REGULATIONS 1991 APPROVED DOCUMENT M (1999 EDITION) |
| 650 ## - SUBJECT ADDED ENTRY--TOPICAL TERM | |
| Topical term or geographic name entry element | MANAGEMENT-BUSINESS MANAGEMENT-DISCRIMINATION-DISABILITY DISCRIMINATION-ACCESSIBILITY |
| 650 ## - SUBJECT ADDED ENTRY--TOPICAL TERM | |
| Topical term or geographic name entry element | DISABLED FACILITIES |
| 690 ## - LOCAL SUBJECT ADDED ENTRY--TOPICAL TERM (OCLC, RLIN) | |
| Topical term or geographic name as entry element | BUILT ENVIRONMENT-BUILDING STANDARDS |
| 710 ## - ADDED ENTRY--CORPORATE NAME | |
| Corporate name or jurisdiction name as entry element | United Kingdom |
| Subordinate unit | Welsh Office |
| 9 (RLIN) | 1214 |
| 856 ## - ELECTRONIC LOCATION AND ACCESS | |
| Uniform Resource Identifier | <a href="https://www.communities.gov.uk/index.asp?id=1165605">https://www.communities.gov.uk/index.asp?id=1165605</a> |
| Public note | View the Approved Document on the ODPM website... |
| 942 ## - ADDED ENTRY ELEMENTS (KOHA) | |
| Suppress in OPAC | 0 |
| Withdrawn status | Lost status | Source of classification or shelving scheme | Damaged status | Not for loan | Home library | Current library | Shelving location | Date acquired | Total Checkouts | Full call number | Barcode | Date last seen | Date last checked out | Copy number | Price effective from | Koha item type |
|---|---|---|---|---|---|---|---|---|---|---|---|---|---|---|---|---|
| Dewey Decimal Classification | London | London | Basement | 29/10/1999 | 5 | SHELF 329 | 30059997 | 06/08/2019 | 21/05/2003 | 1 | 06/08/2019 | Book |